000 00416nam a2200157 4500
999 _c1186
_d1186
008 200113b ||||| |||| 00| 0 eng d
082 0 0 _a621.381
_bB8217
100 _9772
_aBranson, Lane K.
245 1 0 _aIntroduction to Electronics
_cby Lane K Branson
250 _a1st ed.
260 _aNew Delhi
_bPrentice Hall
_c1967
300 _axix, 594 p.
365 _aRs.
_d20.00
650 0 _aElectronics
942 _2ddc
_cBK